Naqāʼiḍ Jarīr wa-al-Akhṭal /

Saved in:

Main Author: Jarīr ibn ʻAṭīyah, -728? (Author)

Other Authors: Abū Tammām Ḥabīb ibn Aws al-Ṭāʼī, active 808-842., Ṣāliḥānī, Anṭūn.

Format: Book

Language: Arabic
French

Published: Bayrut : al-Maṭbaʻah al-Kathūlīkīyah, 1922.

Subjects:

Tags: Add Tag

No Tags, Be the first to tag this record!

Call Number: PJ7741 .J38 N3 1922

LEADER 01756nam a2200325Ia 4500
003 OSt
005 20231109092318.0
008 130303s1922 le a b 001 0 ara d
952 |0 0  |1 0  |2 lcc  |4 0  |6 PJ7741 J38 N3 01922  |7 1  |9 55249  |a ARCE  |b ARCE  |d 2023-11-09  |l 0  |o PJ7741 .J38 N3 1922  |p 1030993  |r 2023-11-09 00:00:00  |w 2023-11-09  |y BK 
999 |c 29605  |d 29605 
010 |a 76960457 
040 |c ARCE Library 
041 0 |a ara  |a fre 
050 4 |a PJ7741 .J38 N3 1922 
100 0 |6 880-01  |a Jarīr ibn ʻAṭīyah,  |d -728?   |e author  |9 33175 
245 1 0 |6 880-02  |a Naqāʼiḍ Jarīr wa-al-Akhṭal /   |c taʼlīf Abī Tammām ; ʻuniya bi-ṭabʻihā li-awwal marrah ʻan nuskhat al-astānah al-waḥīdah wa-ʻallaqa ḥawāshīhā Anṭūn Ṣāliḥānī. 
264 1 |a Bayrut :  |b al-Maṭbaʻah al-Kathūlīkīyah,   |c 1922. 
300 |a 250, xvi pages :   |b ill. ;   |c 26 cm. 
500 |a Added t. p. : Naqāʼid de Ǵarîr et de Aḫṭal. 
500 |a Text in Arabic and includes Introduction in French. 
504 |a Includes bibliographical references and indexes. 
555 |a shimaa 
650 0 |a Arabic literature  |y 750-1258  |x History and criticism. 
700 1 |a Abū Tammām Ḥabīb ibn Aws al-Ṭāʼī,  |d active 808-842.  
700 1 |a Ṣāliḥānī, Anṭūn.  |9 39070 
740 0 |a Naqāʼid de Ǵarîr et de Aḫṭal. 
880 0 |6 100-01/(3/r  |a جرير بن عطية،‪‪‪‪‪‪‪‪‪‪‪‪‪‪‪‪  |d -728?  
880 1 0 |6 245-02/(3/r  |a نقائض جرير و الأخطل   |c تأليف أبي تمام ؛ عني بطبعه لأول مرة عن نسخة الآستانة الوحيدة و علق حواشيها أنطون صالحاني اليسوعي.‪‪‪‪‪‪‪‪‪‪‪‪‪‪‪‪ 
901 |a reviewed 
942 |c BK  |2 lcc